000 00490nam a22001937a 4500
003 MPLRDC
005 20220104175829.0
008 210129b ||||| |||| 00| 0 eng d
020 _a983-865-058-7
082 _a859.6 WJSB v.7
100 _a不详
245 _aHARIMAU TERKENA MUSLIHAT
_c
250 _a第一版
260 _a
_bPERFECT FONTIER S/B
_c1994
300 _b
490 _aSIRI BAHAN BACAAN BARU SIRI A
650 _aSASTERA KANAK-KANAK
942 _cBK
_o859.6 WJSB v.7
999 _c60596
_d60586